Al Hirschfeld's Star Trek Cast Photo Quiz Stats

Quiz not verified by Sporcle

Score 0/9 Timer 01:00
0 Plays Today
% Correct
James T. Kirk
96.9%
Spock
95.5%
Uhura
95.1%
Sulu
94.2%
Leonard McCoy
92.4%
Montgomery Scott
92.4%
Pavel Chekov
89.2%
Janice Rand
87.4%
Christine Chapel
83%

You're not logged in!

Compare scores with friends on all Sporcle quizzes.
Join for Free
OR
Log In

You Might Also Like...

Show Comments

Extras

Top Quizzes Today


Score Distribution

Your Account Isn't Verified!

In order to create a playlist on Sporcle, you need to verify the email address you used during registration. Go to your Sporcle Settings to finish the process.

Report this User

Report this user for behavior that violates our Community Guidelines.

Details: